| 000 | 00612nam a2200193 a 4500 | ||
|---|---|---|---|
| 008 | 120416s1982 ||||||||||||||||| || u | ||
| 020 | _a0256027072 | ||
| 050 | _aHF 5667 Rob | ||
| 100 | _aDavis, Frederick G | ||
| 245 | 1 | 0 | _aAuditing |
| 250 | _a3rd ed. | ||
| 260 |
_aPlano, Tex. : _bBusiness Publications _c1982 |
||
| 300 | _axvi, 754p. : ill. | ||
| 350 | _a0.00 | ||
| 500 | _aBibliography | ||
| 650 | _aAUDITING | ||
| 700 | _aRobertson, Jack C | ||
| 995 |
_D0.00 _FCBU-MAIN LIBRARY (Kitwe) _H1 _I27.50 _M1 _UAVAILABLE _ZMain Library Open Access Collection |
||
| 999 |
_c35294 _d35294 |
||